000 00575nam a2200205Ia 4500
005 20250326144344.0
008 250326s9999 xx 000 0 und d
020 _a978-1-403-98793-8
037 _aTextbook
040 _aFMSL
_beng
_cFMSL
041 _aeng
_2eng
084 _aV1 P6
_qFMSL
100 _aHopkins A G
245 0 _aGlobal history:Interactions between the universal and the local
_cHopkins A G
260 _aNY
_bNY, Palgrave Macmillon
_c2006
300 _axiii,303
365 _b1400.8923
942 _cTB
_hV1 P6
999 _c1303419
_d1303419